[Event "Match"]
[Site "www.echecsemail.com"]
[Date "2018.03.04"]
[Round "1"]
[White "Fegatux"]
[Black "Caspito"]
[WhiteElo "1499"]
[BlackElo "1970"]
[Result "1-0"]
[Round "1"]
1.d4 Ng8f6
2.c4 g6
3.Nb1c3 Bf8g7
4.e4 d6
5.Bf1d3 Nb8d7
6.Ng1e2 O-O
7.O-O c6
8.f3 e5
9.d5 Qd8b6
10.Kh1 a6
11.Ra1b1 Qb6a7
12.Bc1g5 Nd7c5
13.Bg5e3 a5
14.b3 Bc8d7
15.a3 b6
16.Bd3c2 b5
17.b4 bxc4
18.bxc5 dxc5
19.Nc3a4 Rf8d8
20.Be3xc5 Qa7a6
21.d6 Bd7e6
22.Ne2c3 Nf6h5
23.Bc5b6 Rd8f8
24.Na4c5 Qa6c8
25.Bc2a4 Nh5f4
26.d7 Be6xd7
27.Qd1xd7 Qc8xd7
28.Nc5xd7 Rf8c8
29.Bb6e3 Rc8c7
30.Rb1b8 Ra8xb8
31.Nd7xb8 c5
32.Nb8c6 Nf4d3
33.Nc6xa5 Nd3b2
34.Rf1b1 Nb2xa4
35.Nc3xa4 Rc7a7
36.Rb1b5 Bg7f8
37.Be3xc5 Bf8xc5
38.Rb5xc5 f6
39.Na4c3 Ra7a8
40.Na5xc4 Ra8b8
41.h3 { resign }
1-0

[Event "Match"]
[Site "www.echecsemail.com"]
[Date "2018.03.04"]
[Round "1"]
[White "Gambitmiau"]
[Black "Zack1984"]
[WhiteElo "1940"]
[BlackElo "1809"]
[Result "1-0"]
[Round "1"]
1.e4 Ng8f6
2.e5 Nf6d5
3.Qd1f3 e6
4.a3 Nb8c6
5.c4 Nd5e7
6.Qf3c3 Ne7f5
7.Ng1f3 Bf8c5
8.g4 Nf5d4
9.b4 Nd4xf3
10.Qc3xf3 Bc5d4
11.Nb1c3 Nc6xe5
12.Qf3g3  { time }
1-0

[Event "Match"]
[Site "www.echecsemail.com"]
[Date "2018.03.04"]
[Round "1"]
[White "Liencam2"]
[Black "Zack1984"]
[WhiteElo "2280"]
[BlackElo "1809"]
[Result "1-0"]
[Round "1"]
1.e4 c5
2.Nb1c3 d6
3.f4 Nb8c6
4.Ng1f3 g6
5.Bf1c4 Bf8g7
6.O-O e6
7.d3 Ng8e7
8.Qd1e1 O-O
9.g4 Nc6a5
10.Bc4b3  { time }
1-0

[Event "Match"]
[Site "www.echecsemail.com"]
[Date "2018.03.04"]
[Round "1"]
[White "Zack1984"]
[Black "Emmanuel69"]
[WhiteElo "1809"]
[BlackElo "1960"]
[Result "0-1"]
[Round "1"]
1.b4 b5
2.a4 c6
3.e4 e5
4.axb5 Bf8xb4
5.Ng1f3 d6
6.c3 Bb4c5
7.d4 exd4
8.cxd4 Bc5b4
9.Bc1d2 Bb4xd2
10.Nb1xd2 c5
11.Nd2c4 Ng8f6
12.dxc5 O-O
 { time }
0-1

[Event "Match"]
[Site "www.echecsemail.com"]
[Date "2018.03.04"]
[Round "1"]
[White "Fangshuo"]
[Black "Sefj"]
[WhiteElo "2060"]
[BlackElo "1809"]
[Result "1-0"]
[Round "1"]
1.e4 g5
2.d4 e6
3.Ng1f3 h6
4.Bf1b5 c6
5.Bb5d3 d6
6.b3 Bf8g7
7.e5 dxe5
8.Nf3xe5 Qd8xd4
9.Ne5xf7 Kxf7
10.c3 Qd4c5
11.Qd1h5 Kf8
12.Bc1a3 Bg7xc3
13.Kd1 Bc3b4
14.Ba3b2 e5
15.Nb1d2 Bb4xd2
16.Kxd2 Qc5xf2
17.Bd3e2 Qf2f4
18.Kd1 Qf4e4
19.Rh1f1 Bc8f5
20.g4 Qe4c2
21.Ke1 Qc2xb2
22.Rf1xf5 Ke7
23.Qh5f7 Kd6
24.Ra1d1 Kc5
25.Qf7c4 Kb6
26.Qc4b4 Kc7
27.Rf5f7 Ng8e7
28.Rf7xe7 Nb8d7
29.Re7xd7 { resign }
1-0

[Event "Match"]
[Site "www.echecsemail.com"]
[Date "2018.03.04"]
[Round "1"]
[White "Sefj"]
[Black "Gambitmiau"]
[WhiteElo "1809"]
[BlackElo "1950"]
[Result "0-1"]
[Round "1"]
1.c4 Ng8f6
2.d4 d5
3.Bc1f4 e6
4.c5 b6
5.cxb6 axb6
6.e3 Bc8a6
7.Ng1e2 Bf8b4
8.Nb1c3 Nf6e4
9.Qd1a4 c6
10.Qa4xb4 c5
11.dxc5 Ne4xc5
12.Ne2c1 Nb8c6
13.Qb4a3 Ba6xf1
14.Qa3xa8 Qd8xa8
15.Rh1xf1 Qa8a5
16.Ke2 Nc5a4
17.Nc3xa4 Qa5xa4
18.b3 Qa4b5
19.Nc1d3 e5
20.a4 Qb5a6
21.Bf4xe5 Nc6xe5
22.Rf1d1 Ne5xd3
23.Rd1xd3 O-O
24.Ra1c1 h6
25.Kd2 Rf8c8
26.Rc1xc8 Qa6xc8
27.Rd3xd5 Qc8e6
28.Rd5d8 Kh7
29.Kc2 Qe6f5
30.Kc3 Qf5xf2
{ resign }
0-1

[Event "Match"]
[Site "www.echecsemail.com"]
[Date "2018.03.04"]
[Round "1"]
[White "Whitekknight"]
[Black "Lcbunghai"]
[WhiteElo "1950"]
[BlackElo "2040"]
[Result "0-1"]
[Round "1"]
1.e4 Ng8f6
2.Nb1c3 e5
3.Ng1f3 Nb8c6
4.Bf1c4 Bf8e7
5.O-O O-O
6.d3 a6
7.Bc1e3 d6
8.Bc4b3 Bc8g4
9.h3 Bg4h5
10.g4 Bh5g6
11.Nf3h4 Nf6d7
12.Nh4xg6 hxg6
13.Qd1d2 Nc6b8
14.Nc3d5 c6
15.Nd5xe7 Qd8xe7
16.g5 a5
17.h4 a4
18.Bb3c4 b5
19.Bc4xb5 cxb5
20.a3 Qe7e6
21.f3 Nb8c6
22.Qd2g2 b4
23.Rf1c1 bxa3
24.bxa3 Rf8b8
25.Be3d2 Nd7f8
26.Bd2e3 Nc6e7
27.Be3d2 Ne7c6
28.c3 Rb8b3
29.d4 exd4
30.cxd4 Nc6xd4
31.Bd2c3 Nd4b5
32.Bc3b4 d5
33.Qg2e2 Nb5d4
34.Qe2g2 Nd4xf3
35.Kf2 dxe4
36.Rc1d1 Nf3xh4
37.Qg2f1 Rb3f3
{ resign }
0-1

[Event "Match"]
[Site "www.echecsemail.com"]
[Date "2018.03.04"]
[Round "1"]
[White "Pinehill"]
[Black "Lcbunghai"]
[WhiteElo "2020"]
[BlackElo "2040"]
[Result "0-1"]
[Round "1"]
1.e4 c5
2.a3 d6
3.b4 cxb4
4.axb4 e5
5.Ng1f3 Ng8f6
6.d3 Bf8e7
7.h3 O-O
8.Bc1b2 Bc8d7
9.c3 a6
10.Bf1e2 Bd7c6
11.O-O b5
12.Nb1d2 Nb8d7
13.c4 bxc4
14.dxc4 Qd8b6
15.Qd1b3 Nf6xe4
16.Ra1a5 Ne4xd2
17.Nf3xd2 Be7g5
18.Nd2f3 Bg5f6
19.Rf1d1 Qb6c7
20.Bb2c3 Rf8e8
21.Rd1a1 Qc7b7
22.Nf3e1 Nd7c5
23.Qb3a3 Nc5e4
24.Be2f3 Ne4xc3
25.Bf3xc6 Nc3e2
26.Kf1 Qb7xc6
27.Kxe2 Qc6xc4
28.Qa3d3 Qc4xb4
29.Ne1c2 Qb4b6
30.Qd3d5 e4
31.Ra1a2 Bf6c3
32.Ra5a4 a5
33.Nc2e3 Qb6b1
34.Ne3d1 Ra8c8
35.Nd1xc3 Rc8xc3
36.Ra4xa5 Rc3d3
{ resign }
0-1

[Event "Match"]
[Site "www.echecsemail.com"]
[Date "2018.03.04"]
[Round "1"]
[White "Zack1984"]
[Black "Iko"]
[WhiteElo "1809"]
[BlackElo "1680"]
[Result "0-1"]
[Round "1"]
1.b4 e5
2.Bc1b2 f6
3.a3 Bf8d6
4.e4 Ng8e7
5.Qd1h5 g6
6.Qh5h6 f5
7.Qh6g7 Rh8g8
8.Qg7xh7 fxe4
9.Ng1h3 c5
10.Nh3g5 Rg8f8
11.Bf1c4 cxb4
 { time }
0-1

[Event "Match"]
[Site "www.echecsemail.com"]
[Date "2018.03.04"]
[Round "1"]
[White "Paco"]
[Black "Lcbunghai"]
[WhiteElo "2020"]
[BlackElo "2020"]
[Result "1-0"]
[Round "1"]
1.e4 c6
2.d4 d5
3.e5 Bc8f5
4.Ng1f3 e6
5.Nb1c3 Nb8d7
6.Nf3g5 Bf5g6
7.Bf1d3 Bg6xd3
8.Qd1xd3 h6
9.Qd3h3 Bf8e7
10.f4 Be7xg5
11.fxg5 h5
12.g6 f6
13.Qh3xe6 Qd8e7
14.Qe6f7 Qe7xf7
15.gxf7 Kxf7
16.O-O Ke7
17.e6 Kxe6
18.Bc1f4 Ng8h6
19.Ra1e1 Kf7
20.Bf4d6 Rh8e8
21.Re1d1 Re8e6
22.Bd6c7 Nh6g4
23.Rd1d3 Ra8e8
24.h3 Ng4e3
25.Rf1f2 Ne3c4
26.b3 Nc4b6
27.a4 Nb6c8
28.Rf2f5 g6
29.Rf5f2 Nc8e7
30.b4 Ne7g8
31.b5 Re8c8
32.Bc7g3 Ng8h6
33.bxc6 bxc6
34.a5 Nh6f5
35.Nc3a4 Nf5xg3
36.Rd3xg3 Rc8b8
37.c3 Rb8b1
38.Rf2f1 Re6e7
39.Rf1xb1 Kg7
40.Rb1b7 a6
41.Rb7c7 { resign }
1-0

[Event "Match"]
[Site "www.echecsemail.com"]
[Date "2018.03.04"]
[Round "1"]
[White "Odd"]
[Black "Gimmyg"]
[WhiteElo "1809"]
[BlackElo "2530"]
[Result "0-1"]
[Round "1"]
1.e4 Nb8c6
2.Ng1f3 f5
3.Bf1c4 fxe4
4.Nf3g5 d5
5.Bc4e2 Bc8f5
6.Be2g4 Qd8d7
7.Bg4e2 h6
 { time }
0-1

[Event "Match"]
[Site "www.echecsemail.com"]
[Date "2018.03.04"]
[Round "1"]
[White "Krystek23"]
[Black "Odd"]
[WhiteElo "2450"]
[BlackElo "1809"]
[Result "1-0"]
[Round "1"]
1.c4 e5
2.Nb1c3 g6
3.g3 Ng8f6
4.Bf1g2 c6
5.d3 Bf8c5
6.Ng1f3 Nf6g4
7.e3 d5
8.cxd5  { time }
1-0

[Event "Match"]
[Site "www.echecsemail.com"]
[Date "2018.03.04"]
[Round "1"]
[White "Chapi"]
[Black "Sefj"]
[WhiteElo "2100"]
[BlackElo "1809"]
[Result "1-0"]
[Round "1"]
1.d4 d5
2.c4 c6
3.Nb1c3 dxc4
4.a4 g6
5.e3 Bc8e6
6.Ng1f3 Qd8d7
7.Nf3g5 Be6d5
8.e4 Bd5e6
9.d5 cxd5
10.exd5 Be6g4
11.f3 Bg4f5
12.Bf1xc4 a6
13.g4 f6
14.Ng5h3 e5
15.gxf5 Qd7xf5
16.Nh3f2 Bf8c5
17.Nf2e4 Bc5b4
18.d6 Nb8c6
19.Kf2 Ra8d8
20.Qd1d5 Kd7
21.Qd5f7 Nc6e7
22.dxe7 Ng8xe7
23.Ne4xf6 Kc6
24.Qf7e6 Qf5xe6
25.Bc4xe6 Rd8d6
26.Be6d5 Ne7xd5
27.Nf6xd5 Rd6xd5
28.Nc3xd5 Kxd5
29.Rh1d1 Kc4
30.Bc1d2 Bb4e7
31.Bd2c3 Rh8e8
32.Rd1d7 b5
33.axb5 axb5
34.Ke3 Be7c5
35.Ke4 b4
36.Bc3xb4 Bc5xb4
37.Rd7xh7 Kb3
38.Rh7b7 Kxb2
39.Ra1a4 { resign }
1-0

[Event "Match"]
[Site "www.echecsemail.com"]
[Date "2018.03.04"]
[Round "1"]
[White "Fangshuo"]
[Black "Zack1984"]
[WhiteElo "2050"]
[BlackElo "1809"]
[Result "1-0"]
[Round "1"]
1.e4 Ng8f6
2.e5 Nf6d5
3.Bf1c4 Nd5b6
4.Bc4b3 c5
5.c4 Nb8c6
6.Ng1f3 d6
7.exd6 e5
8.O-O Bf8xd6
9.Nb1c3 Bc8g4
10.Bb3c2  { time }
1-0

[Event "1/64 Finale"]
[Site "www.chess-mail.com"]
[Date "2018.03.04"]
[Round "1"]
[White "Guidom"]
[Black "Stepanpech"]
[WhiteElo "2130"]
[BlackElo "2410"]
[Result "1-0"]
[Round "1"]
1.e4 c5
2.Ng1f3 Nb8c6
3.c4 e5
4.Nb1c3 d6
5.d3 Ng8f6
6.Bc1g5 Bf8e7
7.Bf1e2 O-O
8.O-O h6
9.Bg5h4 Nf6xe4
10.Bh4xe7 Ne4xc3
11.Be7xd8 Nc3xd1
12.Bd8c7 Nd1xb2
13.Bc7xd6 Rf8d8
14.Bd6xc5 Bc8f5
15.Rf1b1 Nb2a4
16.Bc5e3 Na4c3
{ time. }
1-0

[Event "Tourn. n9747"]
[Site "www.chess-mail.com"]
[Date "2018.03.05"]
[Round "1"]
[White "Caroluigi"]
[Black "Falcoale"]
[WhiteElo "1770"]
[BlackElo "1870"]
[Result "1-0"]
[Round "1"]
1.d4 Ng8f6
2.c4 e6
3.g3 b6
4.Bf1g2 d5
5.Nb1c3 Bf8b4
6.a3 Bb4xc3
7.bxc3 c6
8.cxd5 cxd5
9.Ng1f3 Bc8b7
10.O-O O-O
11.Qd1c2 Nb8d7
12.Rf1e1 Ra8c8
13.Bc1b2 Nf6e4
14.Nf3d2 Ne4f6
15.Nd2f3 Nd7b8
16.Nf3d2 Rf8e8
17.Ra1c1 Nb8c6
18.Qc2d1 Nc6e7
19.c4 Nf6d7
20.cxd5 Ne7xd5
21.e4 Nd5e7
22.Rc1xc8 Qd8xc8
23.Qd1a4 a5
24.Qa4b3 Ne7g6
25.Nd2c4 Re8d8
26.Nc4xb6 Nd7xb6
27.Qb3xb6 a4
28.Re1c1 Qc8d7
29.Rc1c7 Qd7e8
30.Rc7xb7 Rd8c8
31.e5 Ng6e7
32.Rb7c7 Rc8xc7
33.Qb6xc7 Ne7d5
34.Bg2xd5 exd5
35.Qc7a5 h6
36.Qa5xd5 Qe8b5
37.Qd5xb5 { resign }
1-0

[Event "Tourn. n9739"]
[Site "www.chess-mail.com"]
[Date "2018.03.05"]
[Round "1"]
[White "Sefj"]
[Black "Ditto"]
[WhiteElo "1809"]
[BlackElo "1880"]
[Result "1-0"]
[Round "1"]
1.e4 e5
2.Bf1c4 Nb8c6
3.d4 Nc6xd4
4.Bc4xf7 Kxf7
5.Qd1h5 g6
6.Qh5d1 d6
7.c3 Nd4c6
8.Nb1a3  { time }
1-0

[Event "Tourn. n9704"]
[Site "www.chess-mail.com"]
[Date "2018.03.05"]
[Round "1"]
[White "Julian"]
[Black "Osopanda"]
[WhiteElo "1800"]
[BlackElo "1880"]
[Result "1-0"]
[Round "1"]
1.e4 e5
2.Ng1f3 Nb8c6
3.Bf1b5 d6
4.d4 exd4
5.Nf3xd4 Bc8d7
6.Bc1e3 Ng8f6
7.Nb1d2 Bf8e7
8.O-O O-O
9.c4 Nc6xd4
10.Be3xd4 c6
11.Bb5a4 b5
12.cxb5 cxb5
13.Ba4c2 Bd7e6
14.f4 Be6c4
15.Rf1f3 Bc4e6
16.f5 Be6c4
17.Nd2xc4 bxc4
18.Qd1e2 Rf8e8
19.Ra1d1 d5
20.e5 Nf6e4
21.Bc2xe4 dxe4
22.Qe2xe4 a5
23.f6 Be7f8
24.fxg7 Bf8xg7
25.Rd1f1 Qd8e7
26.Rf3g3 Qe7f8
27.Rg3h3 f5
28.Qe4h4 Re8e6
29.Qh4xh7 Kf7
30.Rf1xf5 { resign }
1-0

[Event "Tourn. n9713"]
[Site "www.chess-mail.com"]
[Date "2018.03.05"]
[Round "1"]
[White "Julian"]
[Black "Redapond1"]
[WhiteElo "1800"]
[BlackElo "1860"]
[Result "1-0"]
[Round "1"]
1.e4 e5
2.Ng1f3 Nb8c6
3.Bf1b5 d6
4.d4 exd4
5.Nf3xd4 Bc8d7
6.O-O Ng8f6
7.Nd4xc6 Bd7xc6
8.Bb5xc6 bxc6
9.Nb1c3 Bf8e7
10.Bc1e3 O-O
11.f4 c5
12.Qd1f3 Nf6d7
13.Ra1d1 Ra8b8
14.Nc3d5 Rb8xb2
15.e5 Rb2xa2
16.c4 Nd7b6
{ time. }
1-0

[Event "Tourn. n9745"]
[Site "www.chess-mail.com"]
[Date "2018.03.05"]
[Round "1"]
[White "Rons"]
[Black "Sefj"]
[WhiteElo "2670"]
[BlackElo "2279"]
[Result "1-0"]
[Round "1"]
1.e4 g5
2.d4 e6
3.Nb1c3 c5
4.Bc1e3 b6
5.Ng1f3 h6
6.dxc5 Bf8xc5
7.Be3xc5 bxc5
8.Qd1d6 Qd8b6
9.Nc3b5 Qb6a5
10.c3 Nb8a6
11.Qd6d2 Ra8b8
12.Nb5d6 Ke7
13.h4 g4
14.Ra1d1 gxf3
15.Nd6xc8 Kf8
16.Qd2d6 Kg7
17.Rh1g1 Ng8f6
18.gxf3 Kh7
19.Qd6e7 Rh8g8
20.Qe7xf7 { resign }
1-0

[Event "Tourn. n9713"]
[Site "www.chess-mail.com"]
[Date "2018.03.05"]
[Round "1"]
[White "Redapond1"]
[Black "Bojan"]
[WhiteElo "1860"]
[BlackElo "1940"]
[Result "0-1"]
[Round "1"]
1.d4 g6
2.c4 e6
3.Nb1c3 Bf8g7
4.Bc1f4 c6
5.Nc3e4 d5
6.Ne4d6 Kf8
7.e3 h6
8.Qd1b3 Qd8d7
9.Ng1f3 f6
10.Bf4g3 Ng8e7
11.Ra1c1 Ne7f5
12.Nd6xf5 gxf5
13.cxd5 cxd5
14.Bf1d3 a6
15.Rc1c7 Qd7d8
16.Qb3b6 Nb8d7
17.Qb6d6 Kf7
18.O-O Rh8e8
19.Rf1c1 Bg7f8
20.Qd6f4 { time. }
0-1

[Event "Tourn. n9662"]
[Site "www.chess-mail.com"]
[Date "2018.03.05"]
[Round "1"]
[White "Abuelo"]
[Black "Fantomas"]
[WhiteElo "2100"]
[BlackElo "2230"]
[Result "1-0"]
[Round "1"]
1.e4 e5
2.Ng1f3 Nb8c6
3.Bf1c4 d6
4.d3 Bc8g4
5.h3 Bg4h5
6.Bc1e3 Nc6a5
7.Bc4d5 c6
8.Bd5b3 Na5xb3
9.axb3 a6
10.Nb1d2 Bf8e7
11.O-O h6
12.c4 Be7f6
13.b4 g5
14.g4 Bh5g6
15.Nd2b3 h5
16.Nf3h2 hxg4
17.hxg4 Bf6e7
18.f3 f6
19.Nb3a5 Qd8c7
20.c5 d5
21.Rf1f2 Ra8d8
22.Qd1e2 d4
23.Be3d2 Rd8d7
24.Na5c4 Be7f8
25.Nh2f1 Rd7h7
26.Rf2h2 Ng8e7
27.Rh2xh7 Rh8xh7
28.Nf1g3 Ne7c8
29.Kg2 Qc7f7
30.Ra1h1 Kd7
31.Bd2xg5 Rh7xh1
32.Ng3xh1 Bf8g7
33.Bg5d2 Bg7f8
34.Nh1g3 Qf7h7
35.g5 Bf8e7
36.gxf6 Be7xf6
37.Qe2f2 Bg6f7
38.b3 Bf7e6
39.f4 Qh7h3
40.Kg1 Bf6h4
41.Nc4xe5 Ke8
42.Bd2e1 Bh4xg3
43.Qf2xg3 Qh3xg3
44.Be1xg3 Be6xb3
45.Bg3f2 Nc8a7
46.Bf2xd4 Na7b5
47.Bd4b2 Nb5c7
48.f5 Ke7
49.Kf2 Nc7e8
50.Ne5g4 Ne8c7
51.Ke3 Bb3d1
52.Ng4e5 Bd1h5
53.Ne5g6 Kf7
54.Bb2e5 Nc7e8
55.Ng6f4 Bh5d1
56.d4 Bd1b3
57.Kd2 Bb3a2
58.Kc2 Ba2c4
59.Nf4d3 Bc4a2
60.Be5d6 Ne8f6
61.Kb2 Nf6xe4
62.Kxa2 Ne4g3
63.Bd6xg3 { resign }
1-0

[Event "Tourn. n9671"]
[Site "www.chess-mail.com"]
[Date "2018.03.05"]
[Round "1"]
[White "Tarasch"]
[Black "Osopanda"]
[WhiteElo "1830"]
[BlackElo "1800"]
[Result "1-0"]
[Round "1"]
1.d4 d5
2.c4 c6
3.Ng1f3 Ng8f6
4.e3 g6
5.Nb1c3 Bf8g7
6.Bf1e2 O-O
7.O-O Bc8f5
8.Nf3h4 Bf5e6
9.cxd5 cxd5
10.b3 Nb8c6
11.Bc1b2 Nf6e4
12.Nh4f3 a6
13.Be2d3 Be6g4
14.Nc3xe4 Bg4xf3
15.Qd1xf3 dxe4
16.Bd3xe4 Ra8c8
17.Rf1c1 f5
18.Be4xc6 Rc8xc6
19.Rc1xc6 bxc6
20.Qf3xc6 Rf8f6
21.Qc6c4 Kh8
22.Ra1c1 Rf6d6
23.Qc4c7 Qd8xc7
24.Rc1xc7 Bg7f6
25.Bb2a3 Rd6b6
26.Ba3xe7 Bf6xe7
27.Rc7xe7 Kg8
28.Re7c7 h6
29.Kf1 a5
30.Ke2 a4
31.Rc7c3 axb3
32.Rc3xb3 Rb6xb3
33.axb3 Kf7
34.Kd3 Ke6
35.Kc4 Kd6
36.Kb5 Kd5
37.b4 g5
38.Ka6 Kc6
39.b5 Kc7
40.Ka7 Kc8
41.b6 { resign }
1-0

[Event "Tourn. n9747"]
[Site "www.chess-mail.com"]
[Date "2018.03.05"]
[Round "1"]
[White "Gegonz"]
[Black "Libiesse"]
[WhiteElo "1610"]
[BlackElo "1810"]
[Result "1-0"]
[Round "1"]
1.Ng1f3 d5
2.b3 f6
3.d4 e6
4.e3 Nb8d7
5.c4 c5
6.Bc1b2 cxd4
7.Nf3xd4 Bf8c5
8.Nd4xe6 { resign }
1-0

[Event "Tourn. n9585"]
[Site "www.chess-mail.com"]
[Date "2018.03.05"]
[Round "1"]
[White "Yakke"]
[Black "Osopanda"]
[WhiteElo "1790"]
[BlackElo "1630"]
[Result "0-1"]
[Round "1"]
1.e4 e5
2.Ng1f3 Nb8c6
3.c3 Ng8f6
4.d4 d6
5.d5 Nc6e7
6.Bc1g5 Ne7g6
7.h3 Bf8e7
8.Nb1d2 O-O
9.Qd1b3 c6
10.O-O-O cxd5
11.exd5 e4
12.Nf3d4 a6
13.g4 h6
14.Bf1g2 hxg5
15.Bg2xe4 Nf6xe4
16.Nd2xe4 Ng6f4
17.a3 b5
18.Nd4c6 Qd8c7
19.Qb3c2 Nf4xd5
20.Nc6xe7 Nd5xe7
21.Ne4xg5 g6
22.Ng5e4 Bc8b7
23.Ne4f6 Kg7
24.g5 Ne7f5
25.h4 Bb7xh1
26.Qc2xf5 gxf5
27.Rd1xh1 Rf8h8
28.h5 a5
29.h6 Kg6
30.f4 Qc7c4
31.h7 Qc4xf4
32.Kb1 Qf4xg5
33.Nf6d5 Rh8xh7
34.Rh1d1 b4
35.cxb4 axb4
36.Nd5xb4 Rh7h2
37.Rd1xd6 f6
38.Nb4d5 Qg5g1
39.Ka2 Ra8xa3
40.Kxa3 Qg1c5
41.Nd5b4 Qc5xd6
42.Kb3 Rh2h4
43.Nb4c2 Qd6d3
44.Ka2 Rh4a4
45.Nc2a3 Qd3c4
46.Kb1 Ra4xa3
47.bxa3 Qc4c3
48.Ka2 f4
49.a4 f3
50.a5 f2
51.a6 f1Q
52.a7 Qf1a1

0-1

[Event "Tourn. n9689"]
[Site "www.chess-mail.com"]
[Date "2018.03.05"]
[Round "1"]
[White "Sorim"]
[Black "Prize64"]
[WhiteElo "2030"]
[BlackElo "2150"]
[Result "0-1"]
[Round "1"]
1.d4 Ng8f6
2.Ng1f3 e6
3.Bc1g5 Bf8e7
4.e3 d5
5.c4 c6
6.Nb1c3 O-O
7.Bf1d3 dxc4
8.Bd3xc4 Nb8d7
9.O-O b5
10.Bc4d3 Bc8b7
11.Ra1c1 a6
12.Qd1c2 h6
13.Bg5h4 Rf8e8
14.Rf1d1 Qd8b6
15.a3 c5
16.dxc5 Nd7xc5
17.Bd3e2 Ra8c8
18.Qc2b1 Nc5b3
19.Nf3d4 Nb3xc1
20.Rd1xc1 Nf6e4
{ resign }
0-1

[Event "Tourn. n9659"]
[Site "www.chess-mail.com"]
[Date "2018.03.05"]
[Round "1"]
[White "Fabos12"]
[Black "Falcoale"]
[WhiteElo "1990"]
[BlackElo "1850"]
[Result "0-1"]
[Round "1"]
1.d4 Ng8f6
2.c4 e6
3.Nb1c3 b6
4.Ng1f3 Bc8b7
5.Bc1g5 h6
6.Bg5h4 Bf8e7
7.e3 O-O
8.Bf1d3 c5
9.Ra1c1 a6
10.Qd1c2 d5
11.cxd5 Nf6xd5
12.Bh4xe7 Nd5xe7
13.Bd3h7 Kh8
14.Bh7e4 Bb7xe4
15.Nc3xe4 cxd4
16.Nf3xd4 Nb8d7
17.O-O Ne7d5
18.Qc2e2 a5
19.Ne4d6 Nd7c5
20.Nd4b5 Nd5c7
21.Rf1d1 Qd8e7
22.e4 Nc7xb5
23.Qe2xb5 Ra8b8
24.f3 Rf8d8
25.e5 Kg8
26.Rc1c2 Nc5b7
27.Rc2c6 Nb7xd6
28.Rd1xd6 Rd8xd6
29.Rc6xd6 Rb8c8
30.g4 Rc8c1
31.Kg2 Qe7h4
32.Qb5e2 h5
33.Qe2d2 Rc1e1
34.Rd6d8 Kh7
35.g5 Kg6
36.Rd8g8 Re1xe5
37.Qd2d3 Re5f5
38.Qd3e3 Qh4xg5
39.Qe3xg5 Rf5xg5
40.Kf2 Rg5c5
41.Ke3 Rc5c2
42.a4 { time. }
0-1

[Event "Tourn. n9756"]
[Site "www.chess-mail.com"]
[Date "2018.03.05"]
[Round "1"]
[White "Caroluigi"]
[Black "Bojan"]
[WhiteElo "1870"]
[BlackElo "1890"]
[Result "1-0"]
[Round "1"]
1.d4 c6
2.e4 g6
3.Ng1f3 Bf8g7
4.Bc1e3 d6
5.c4 Nb8d7
6.Nb1c3 e5
7.Qd1d2 Ng8f6
8.h3 Qd8c7
9.Be3h6 Kf8
10.Ra1d1 Nf6g8
11.Bh6xg7 Kxg7
12.Bf1d3 Ng8f6
13.O-O b6
14.Bd3c2 Bc8a6
15.Bc2b3 Ra8d8
16.Rf1e1 Ba6b7
17.Re1e3 exd4
18.Nf3xd4 Nd7e5
19.f4 Ne5d7
20.Re3d3 Nf6e8
21.e5 Nd7c5
22.exd6 Qc7d7
23.Rd3g3 h6
24.Bb3c2 Ne8f6
25.Rd1e1 Kh7
26.Re1e7 Qd7xd6
27.Bc2xg6 Kg7
28.Re7xf7 Kg8
29.Bg6h5 { resign }
1-0

[Event "Tourn. n9755"]
[Site "www.chess-mail.com"]
[Date "2018.03.05"]
[Round "1"]
[White "Fantomas"]
[Black "Numanoid"]
[WhiteElo "2270"]
[BlackElo "2380"]
[Result "0-1"]
[Round "1"]
1.d4 d5
2.Ng1f3 Ng8f6
3.g3 e6
4.Bf1g2 c5
5.O-O Nb8c6
6.Bc1f4 cxd4
7.Nf3xd4 Bf8c5
8.c3 O-O
9.a3 a5
10.Nd4xc6 bxc6
11.Nb1d2 Nf6g4
12.Qd1c2 e5
{ resign }
0-1

[Event "Tourn. n9716"]
[Site "www.chess-mail.com"]
[Date "2018.03.05"]
[Round "1"]
[White "Falcoale"]
[Black "Esperanza"]
[WhiteElo "1970"]
[BlackElo "2020"]
[Result "0-1"]
[Round "1"]
1.e4 c5
2.Ng1f3 d6
3.b3 Ng8f6
4.Nb1c3 e6
5.Bc1b2 Bf8e7
6.Bf1d3 O-O
7.O-O Nb8c6
8.Nc3e2 a6
9.Ne2g3 b5
10.c3 Bc8b7
11.Bd3c2 Qd8c7
12.h3 Ra8c8
13.Rf1e1 h6
14.d4 Rf8d8
15.Qd1d3 cxd4
16.Ra1c1 dxc3
17.Bb2xc3 Nc6e5
18.Qd3d2 Qc7xc3
19.Qd2xc3 Rc8xc3
20.Nf3xe5 dxe5
21.f3 Be7a3
22.Ng3e2 Rc3c7
{ resign }
0-1

[Event "Tourn. n9630"]
[Site "www.chess-mail.com"]
[Date "2018.03.05"]
[Round "1"]
[White "Krystek23"]
[Black "Tartan"]
[WhiteElo "2470"]
[BlackElo "2560"]
[Result "1/2-1/2"]
[Round "1"]
1.c4 e6
2.Nb1c3 d5
3.d4 Ng8f6
4.Ng1f3 Bf8e7
5.Bc1g5 Nb8d7
6.e3 O-O
7.cxd5 exd5
8.Bf1d3 c6
9.Qd1c2 Rf8e8
10.O-O Nd7f8
11.h3 Nf8g6
12.Bg5xf6 Be7xf6
13.b4 Bf6e7
14.b5 Be7d6
15.bxc6 bxc6
16.Nc3b1 Bc8d7
17.Nb1d2 Ra8b8
18.Ra1b1 Rb8b6
19.a4 Qd8f6
20.a5 Rb6b8
21.a6 Bd6b4
22.Rf1c1 Rb8b6
23.g3 Bd7xh3
24.Qc2a4 Re8b8
25.Rb1b3 Qf6d6
26.Rb3b1 Bh3d7
27.Kg2 c5
28.dxc5 Bb4xc5
29.Rb1xb6 Rb8xb6
30.Qa4c2 Bc5a3
31.Rc1b1 Rb6xb1
32.Qc2xb1 Ba3b4
33.Nd2b3 Bb4c3
34.Nb3d4 Qd6b4
35.Qb1a2 Qb4d6
36.Qa2b3 Bc3b4
37.Bd3f5 Bd7e8
38.Bf5d3 Be8d7
39.Bd3f5 Bd7e8
40.Bf5d3 Be8d7
41.Bd3f5 Bd7e8
{ draw }
1/2-1/2

[Event "Match"]
[Site "www.echecsemail.com"]
[Date "2018.03.05"]
[Round "1"]
[White "Fangshuo"]
[Black "Axphis"]
[WhiteElo "2050"]
[BlackElo "1809"]
[Result "0-1"]
[Round "1"]
1.e4 e5
2.Ng1f3 Nb8c6
3.d4 exd4
4.Nf3xd4 Ng8f6
5.Nb1c3 Bf8b4
6.Nd4xc6 bxc6
7.Bc1d2 O-O
8.Bf1d3 d5
9.O-O Bb4xc3
10.Bd2xc3 Nf6xe4
11.Qd1h5 g6
12.Qh5h6 Ne4xc3
13.bxc3 Qd8f6
14.h4 Qf6xc3
15.Qh6f4 Bc8e6
16.Qf4xc7 c5
17.Rf1c1 c4
18.Bd3e2 Rf8b8
19.h5 Rb8b2
20.h6 Rb2xc2
21.Rc1xc2 Qc3xa1
22.Be2f1 Qa1f6
23.Qc7b7 Ra8d8
24.Qb7xa7 d4
25.Bf1xc4 d3
26.Bc4xd3 Rd8xd3
27.Rc2c1 Qf6g5
28.Qa7b8 Rd3d8
29.Qb8c7 Be6d5
{ resign }
0-1

[Event "Match"]
[Site "www.echecsemail.com"]
[Date "2018.03.05"]
[Round "1"]
[White "Zack1984"]
[Black "Irene"]
[WhiteElo "1809"]
[BlackElo "1990"]
[Result "0-1"]
[Round "1"]
1.b4 d5
2.Bc1b2 Nb8c6
3.b5 Nc6a5
4.e3 c5
5.d3 Bc8d7
6.c4 Ng8f6
7.Ng1f3 Bd7g4
8.Nb1d2 b6
 { time }
0-1

[Event "Match"]
[Site "www.echecsemail.com"]
[Date "2018.03.05"]
[Round "1"]
[White "Bjonil60"]
[Black "Sonny1000"]
[WhiteElo "1460"]
[BlackElo "1580"]
[Result "1/2-1/2"]
[Round "1"]
1.Ng1f3 f6
2.d3 d5
3.e3 c5
4.Nb1c3 Bc8g4
5.h3 Bg4h5
6.g4 Bh5g6
7.b3 Qd8a5
8.Bc1d2 e6
9.Nc3xd5 Qa5d8
10.e4 e5
11.g5 Bg6h5
12.Bf1e2 fxg5
13.Rh1g1 a5
14.a3 Nb8a6
15.Nf3xe5 Bh5xe2
16.Qd1xe2 b6
17.Qe2f3 Ng8h6
18.Bd2xg5 Qd8d6
19.Ne5c4 Qd6h2
20.Kf1 b5
21.Nc4e3 Qh2e5
22.Kg2 Qe5xg5
23.Kf1 Qg5d8
24.c3 Bf8d6
25.Rg1xg7 Rh8f8
26.Qf3h5 Nh6f7
27.Qh5xh7 Kd7
28.Qh7f5 Kc6
29.c4 Nf7e5
30.Qf5h5 Ne5xd3
31.Ke2 Bd6e5
32.Kxd3 Be5xg7
33.Qh5g6 Qd8d6
34.Qg6xg7 Rf8xf2
35.Kc3 Rf2h2
36.Nd5e7 Kd7
37.Ne7f5 Kc6
38.Nf5xd6 Rh2xh3
39.Nd6f5 bxc4
40.bxc4 Na6c7
41.Nf5e7 Kb7
42.Ne7d5 Ra8c8
43.Ra1b1 Ka7
44.Kd3 Rh3xe3
45.Kxe3 a4
46.Rb1b5 Ka6
47.Nd5xc7 Rc8xc7
48.Qg7xc7 
1/2-1/2

[Event "Match"]
[Site "www.echecsemail.com"]
[Date "2018.03.05"]
[Round "1"]
[White "Paco"]
[Black "Zack1984"]
[WhiteElo "2050"]
[BlackElo "1809"]
[Result "1-0"]
[Round "1"]
1.e4 Ng8f6
2.e5 Nf6d5
3.d4 d6
4.Ng1f3 g6
5.Bf1c4 Nd5b6
6.Bc4xf7 Kxf7
7.Nf3g5 Kg8
8.Qd1f3 Qd8e8
9.Ng5e6 Bc8xe6
10.h4 Nb8c6
11.c3  { time }
1-0

[Event "Match"]
[Site "www.echecsemail.com"]
[Date "2018.03.05"]
[Round "1"]
[White "Apdash"]
[Black "Geodad5"]
[WhiteElo "2180"]
[BlackElo "2210"]
[Result "1-0"]
[Round "1"]
1.d4 d5
2.Ng1f3 e6
3.c4 Ng8f6
4.Nb1c3 c6
5.cxd5 exd5
6.Bc1g5 Bf8e7
7.e3 O-O
8.Qd1c2 h6
9.Bg5h4 Bc8e6
10.Bf1d3 Nb8d7
11.Nf3e5 Ra8c8
12.O-O a6
13.f4 Nd7xe5
14.dxe5 Nf6d7
15.Bh4xe7 Qd8xe7
16.f5 Nd7xe5
17.fxe6 fxe6
18.Bd3e2 Rf8d8
19.Ra1d1 Qe7g5
20.Qc2b3 Rd8d7
21.Nc3a4 Rd7e7
22.Rd1d4 b5
23.Na4c5 a5
24.Rd4f4 h5
25.h4 Qg5h6
26.Qb3d1 g6
27.Qd1d4 Ne5d7
28.Nc5xd7 Re7xd7
29.Qd4f6 Rc8e8
30.Rf1c1 Rd7c7
31.Be2xb5 Re8b8
32.Qf6xe6 Kg7
33.Qe6e5 { resign }
1-0

[Event "Match"]
[Site "www.echecsemail.com"]
[Date "2018.03.05"]
[Round "1"]
[White "Gilliere"]
[Black "Whitekknight"]
[WhiteElo "2040"]
[BlackElo "1920"]
[Result "1-0"]
[Round "1"]
1.e4 e5
2.Ng1f3 Nb8c6
3.Bf1b5 Ng8f6
4.O-O Nf6g4
5.h3 h5
6.d3 Qd8e7
7.Nb1c3 a6
8.Nc3d5 Qe7d8
9.Bb5c4 Ng4f6
10.Nf3g5 Nf6xd5
11.Bc4xd5 Qd8e7
12.Bd5xf7 Kd8
13.Bf7xh5 Rh8g8
14.Ng5f7 { resign }
1-0